Estudios en honor a Rafael Landivar, S. J. /

Bibliographic Details
Other Authors: Acevedo, Luis Fernando (Editor), Méndez de Penedo, Lucrecia (Editor), Reynoso Bolaños, Arturo (Editor)
Format: Electronic eBook
Language:Spanish
Published: Ciudad de Guatemala, Guatemala : Universidad Rafael Landívar, Editorial Cara Parens, 2022.
Series:Monumenta Landivariana. Serie mayor ; v. 3.
Subjects:
Online Access:Digitalia Hispánica

MARC

LEADER 00000nam a2200000Ii 4500
001 DIGCARPAR0024
003 NyNyDIG
006 m o d
007 cr |||||||||||
008 230601s2022 gt ob 000 0 spa d
035 |a (OCoLC)1367234373 
040 |a DGITA  |b eng  |e rda  |e pn  |c DGITA 
020 |a 9789929544598  |q edición digital  |q ePub 
020 |a 9789929544444  |q edición digital  |q pdf 
020 |z 9789929544437  |q edición física 
043 |a n-mx--- 
050 1 4 |a PA8540.L4 ebook 
245 0 0 |a Estudios en honor a Rafael Landivar, S. J. /  |c coordinadores, Luis Fernando Acevedo, Lucrecia Méndez de Penedo, Arturo Reynoso, S. J. 
264 1 |a Ciudad de Guatemala, Guatemala :  |b Universidad Rafael Landívar, Editorial Cara Parens,  |c 2022. 
300 |a 1 online resource. 
336 |a text  |b txt  |2 rdacontent 
337 |a computer  |b c  |2 rdamedia 
338 |a online resource  |b cr  |2 rdacarrier 
347 |a text file  |2 rdaft 
347 |b EPUB 
347 |b PDF 
490 1 |a Monumenta Landivariana. Serie mayor ;  |v volumen 3 
500 |a "Estudio histórico-literarios, estudios clásicos"--Cover. 
504 |a Includes bibliographical references. 
588 0 |a Online resource; title from ePub title page (Digitalia, viewed June 1, 2023) 
600 1 0 |a Landívar, Rafael,  |d 1731-1793  |x Criticism and interpretation. 
650 0 |a Jesuits  |x Mexico  |x History  |y 18th century. 
700 1 |a Acevedo, Luis Fernando,  |e editor. 
700 1 |a Méndez de Penedo, Lucrecia,  |e editor. 
700 1 |a Reynoso Bolaños, Arturo,  |e editor. 
791 2 |a Digitalia (Firm),  |e distributor. 
793 0 |g Digitalia eBook Collection:  |a Editorial Cara Parens 
776 0 8 |i Print version:  |t Estudios en honor a Rafael Landivar, S. J.  |d Ciudad de Guatemala, Guatemala : Universidad Rafael Landívar, Editorial Cara Parens, 2022  |z 9789929544437 
830 0 |a Monumenta Landivariana.  |p Serie mayor ;  |v v. 3. 
856 4 0 |3 Digitalia Hispánica  |u https://www.digitaliapublishing.com/a/126110/ 
910 |a Premium collection: 2023